Alec Benjamin Songs (Albums) - Statistics

General Stats
  • This quiz has been taken 364 times
  • The average score is 24 of 35
Answer Stats
Answer % Correct
Let Me Down Slowly
88%
If We Have Each Other
86%
Water Fountain
86%
Boy In The Bubble
81%
If I Killed Someone For You
80%
Mind Is A Prison
80%
Jesus In LA
79%
Annabelle's Homework
77%
Steve
76%
Must Have Been The Wind
75%
Older
75%
Devil Doesn't Bargain
74%
The Book Of You & I
72%
Demons
71%
Outrunning Karma
71%
Swim
71%
1994
69%
Hammers
67%
Dopamine Addict
66%
Death Of A Hero
65%
Match In The Rain
65%
Speakers
64%
Nancy Got A Haircut
63%
Alamo
62%
Gotta Be A Reason
62%
Oh My God
62%
One Wrong Turn
62%
Shadow Of Mine
62%
Hill I Will Die On
61%
Deniro
59%
Just Like You
59%
I'm Not A Cynic
58%
The Way You Felt
57%
Nuance
55%
Hipocrite
53%
No matching quizzes found
Score Distribution
Percent of People with Each Score
Percentile by Number Answered
Your Score History
You have not taken this quiz